| 000 | 01306cam a2200181 4500500 | ||
|---|---|---|---|
| 005 | 20260405002056.0 | ||
| 041 | _afre | ||
| 042 | _adc | ||
| 100 | 1 | 0 |
_aLee, Yu-Tse _eauthor |
| 700 | 1 | 0 |
_aSimon, Anne-Catherine _eauthor |
| 700 | 1 | 0 |
_aArnold, Aron _eauthor |
| 245 | 0 | 0 | _aBeyond femininity: New horizons of sajiao in Taiwanese society |
| 260 | _c2025. | ||
| 500 | _a87 | ||
| 520 | _aThis study explores the phenomenon of sajiao in Taiwan, a linguistic practice primarily associated with women and characterized by a childlike voice and behavior. Traditionally used in intimate contexts, sajiao reinforces an image of femininity and dependence while serving as a politeness strategy to subvert power dynamics and get one’s way. Over the past decade, its use has expanded to include men, even in professional contexts, reflecting significant societal change. This study sheds empirical light on the persistence and evolution of this practice within a changing society. The findings confirm that sajiao is adopted by people of all genders and sexual orientations—in this sense, it transcends boundaries. | ||
| 786 | 0 | _nLangage et société | 186 | 3 | 2025-12-22 | p. 87-115 | 0181-4095 | |
| 856 | 4 | 1 | _uhttps://shs.cairn.info/journal-langage-et-societe-2025-3-page-87?lang=en&redirect-ssocas=7080 |
| 999 |
_c2053991 _d2053991 |
||